Dead men tell no tales (Record no. 72268)
[ view plain ]
| 000 -LEADER | |
|---|---|
| fixed length control field | 02154cam a2200241 4500 |
| 001 - CONTROL NUMBER | |
| control field | ABS66471 |
| 008 - FIXED-LENGTH DATA ELEMENTS--GENERAL INFORMATION | |
| fixed length control field | 030307n2003 000 0 eng u |
| 035 ## - SYSTEM CONTROL NUMBER | |
| System control number | (Sirsi) u121573 |
| 100 ## - MAIN ENTRY--PERSONAL NAME | |
| Personal name | Thornton, A. |
| 245 ## - TITLE STATEMENT | |
| Title | Dead men tell no tales |
| 260 ## - PUBLICATION, DISTRIBUTION, ETC. | |
| Date of publication, distribution, etc. | 2003 |
| 490 ## - SERIES STATEMENT | |
| Series statement | Building |
| Volume/sequential designation | 258(8271) 21 February 2003, 56-57(2) |
| 520 ## - SUMMARY, ETC. | |
| Summary, etc. | Examines three separate cases showing how courts are changing their approach to causation, duty and loss. In "Fairchild v Glenhaven Funeral Services" (HL Abs65719) where exposure to asbestos with two employers had led to mesothelioma and the claimant successfully recovered damages from one employer (as only one was solvent). Both employers were in breach of duty as the disease was life threatening. In "Albright and Wilson UK Ltd v Biachem Ltd and others" ([2002] UKHL 37, [2002] 2 All ER (Comm) 753) the claimant's fluid plant suffered an explosion caused by the accidental mixing of sodium chlorite with phosphates. This was caused by a delivery error at the same works. The claimant brought action against the chemical suppliers for breach of contract. CA found against both defendants, but HL held that only one supplier had fallen short of their contractual obligation to provide accurately labelled chemicals. In "South Australia Asset Management Corporation v York Montague Ltd" (HL, Abs55622) valuers were held liable for negligent overvaluations but not for losses resulting from the 1991 property crash. Professionals can only be held responsible for losses which fall within their area of duty and their liability does not extend to all foreseeable losses. View judgments at www.publications.parliament.uk. |
| 590 ## - LOCAL NOTE (RLIN) | |
| Local note | ABS |
| 650 ## - SUBJECT ADDED ENTRY--TOPICAL TERM | |
| Topical term or geographic name entry element | FAIRCHILD V GLENHAVEN FUNERAL SERVICES LTD AND OTHERS |
| 650 ## - SUBJECT ADDED ENTRY--TOPICAL TERM | |
| Topical term or geographic name entry element | ALBRIGHT AND WILSON UK LTD V BIACHEM LTD AND OTHERS |
| 650 ## - SUBJECT ADDED ENTRY--TOPICAL TERM | |
| Topical term or geographic name entry element | SOUTH AUSTRALIA ASSET MANAGEMENT CORPORATION V YORK MONTAGUE LTD |
| 650 ## - SUBJECT ADDED ENTRY--TOPICAL TERM | |
| Topical term or geographic name entry element | CAUSATION |
| 650 ## - SUBJECT ADDED ENTRY--TOPICAL TERM | |
| Topical term or geographic name entry element | PROFESSIONAL NEGLIGENCE |
| 690 ## - LOCAL SUBJECT ADDED ENTRY--TOPICAL TERM (OCLC, RLIN) | |
| Topical term or geographic name as entry element | PROFESSIONAL PRACTICE-NEGLIGENCE-CASE LAW |
| 856 ## - ELECTRONIC LOCATION AND ACCESS | |
| Uniform Resource Identifier | <a href="https://www.publications.parliament.uk/pa/ld199697/ldjudgmt/ldjudgmt.htm">https://www.publications.parliament.uk/pa/ld199697/ldjudgmt/ldjudgmt.htm</a> |
| Public note | View judgments on HL website.... |
| 942 ## - ADDED ENTRY ELEMENTS (KOHA) | |
| Suppress in OPAC | 0 |
| Withdrawn status | Lost status | Source of classification or shelving scheme | Damaged status | Not for loan | Home library | Current library | Shelving location | Date acquired | Total Checkouts | Full call number | Barcode | Date last seen | Copy number | Price effective from | Koha item type |
|---|---|---|---|---|---|---|---|---|---|---|---|---|---|---|---|
| Dewey Decimal Classification | London | London | Journal article | 07/03/2003 | ABS66471 | 121573-1001 | 06/08/2019 | 1 | 06/08/2019 | Journal article |